Great spaces : (Registro nro. 25556)
[ vista simple ]
| 000 -LEADER | |
|---|---|
| fixed length control field | 01445nam a2200289 4500 |
| 001 - CONTROL NUMBER | |
| control field | 0000023472 |
| 003 - CONTROL NUMBER IDENTIFIER | |
| control field | CO-CtgCURN |
| 005 - DATE AND TIME OF LATEST TRANSACTION | |
| control field | 20250331191037.0 |
| 007 - PHYSICAL DESCRIPTION FIXED FIELD--GENERAL INFORMATION | |
| fixed length control field | ta |
| 008 - FIXED-LENGTH DATA ELEMENTS--GENERAL INFORMATION | |
| fixed length control field | 160627s2006 000 0 eng d |
| 020 ## - INTERNATIONAL STANDARD BOOK NUMBER | |
| International Standard Book Number | 8496424499 |
| 040 ## - CATALOGING SOURCE | |
| Original cataloging agency | CO-CtgCURN |
| Language of cataloging | spa |
| Transcribing agency | coctgcurn |
| 082 0# - DEWEY DECIMAL CLASSIFICATION NUMBER | |
| Classification number | 729.24 |
| Item number | K911i |
| 100 1# - MAIN ENTRY--PERSONAL NAME | |
| Personal name | Krauel, Jacobo. |
| 245 10 - TITLE STATEMENT | |
| Title | Great spaces : |
| Remainder of title | interiores domesticos / |
| Statement of responsibility, etc. | Jacobo Krauel , editor Carles Broto. |
| 260 ## - PUBLICATION, DISTRIBUTION, ETC. | |
| Place of publication, distribution, etc. | Barcelona : |
| Name of publisher, distributor, etc. | Linksbooks, |
| Date of publication, distribution, etc. | 2006. |
| 300 ## - PHYSICAL DESCRIPTION | |
| Extent | 191 p. |
| 336 ## - CONTENT TYPE | |
| Source | rdacontent |
| 337 ## - MEDIA TYPE | |
| Source | rdamedia |
| Media type term | sin mediacion |
| Media type code | n |
| 338 ## - CARRIER TYPE | |
| Source | rdacarrier |
| Carrier type term | volumen |
| Carrier type code | nc |
| 505 8# - FORMATTED CONTENTS NOTE | |
| Formatted contents note | Carlo Donati: Loft A.--Drews + strenge architekten bda.--Keiichi irie + power unit studio: Casa Y.--Johnson Chou: residencia Yolles.--Bonetti Kozerski Studio: apartamento DK.--Roberto Silvestri: Una casa en Piazza Navona.--M. J. Neal: ramp House.--Eulalia Sarda: apartamento Sant Vicenc.--Samark Arkitektur , design AB: Apartamento turning torso.--Gracia Studio: Casa GA.--Glen Irani: Casa Hover.--Takao Shiotsuka: Casa Atu.--Marpillero Pollak Architects: Duane street Live work loft.--Jordi Gali: apartamento en Barcelona.--Simone Micheli: residencia Bussotti.--Jay Kammen, Kammen: Pablo Loft |
| 650 14 - SUBJECT ADDED ENTRY--TOPICAL TERM | |
| Topical term or geographic name entry element | Decoracion de interiores. |
| 700 1# - ADDED ENTRY--PERSONAL NAME | |
| Personal name | Broto, Carles, |
| Relator term | Editor. |
| 908 ## - PUT COMMAND PARAMETER (RLIN) | |
| Put command parameter | 160627 |
| 942 ## - ADDED ENTRY ELEMENTS (KOHA) | |
| Koha item type | Libros |
| Classification part | 729.24 |
| Item part | K911i |
| Source of classification or shelving scheme | Dewey Decimal Classification |
| Withdrawn status | Lost status | Source of classification or shelving scheme | Damaged status | Not for loan | Collection | Home library | Current library | Shelving location | Date acquired | Inventory number | Total checkouts | Full call number | Barcode | Date last seen | Price effective from | Koha item type | Public note |
|---|---|---|---|---|---|---|---|---|---|---|---|---|---|---|---|---|---|
| Dewey Decimal Classification | General | Miguel Henríquez Castañeda | Miguel Henríquez Castañeda | General | 03/31/2025 | 013961 | 729.24 K911i | 013961 | 03/31/2025 | 03/31/2025 | Libros | 720-ARQPAI |